[Event "GER-ch Youth U12 2020"]
[Site "Willingen"]
[Date "2020.10.30"]
[Round "6.1"]
[White "Nitsche, Nikolai"]
[Black "Payyappat, Sreyas"]
[Result "0-1"]
[WhiteElo "1721"]
[BlackElo "2144"]
[Annotator "TA"]
[PlyCount "60"]
[EventDate "2020.10.27"]
[EventType "swiss"]
[EventRounds "7"]
[EventCountry "GER"]
[SourceTitle "playchess.com"]
[Source "ChessBase"]
[SourceQuality "1"]

{[%evp 17,60,-10,-6,-14,-17,-20,-20,-50,-22,-26,-11,-20,-17,-52,0,-18,-19,-16,-18,-28,-16,-8,-14,-11,-4,-8,-13,-41,119,62,211,-225,-232,-229,-218,-222,-233,-233,-229,-225,-205,-214,-217,-246,-249]} 1. g3 Nf6 2. Bg2 c5 3. Nf3 Nc6 4. O-O g6 5. d3 Bg7 6. c4 d6 7. Nc3 O-O 8. e4 Ng4 9. h3 Nge5 10. Ne1 {A38: Symmetrical English vs ...g6: 4 Bg2 Bg7 5 Nf3 Nf6.} Nd4 11. f4 Nec6 12. Be3 {The position is equal.} f5 {[#]} 13. Nf3 $146 ({Predecessor:} 13. Kh2 Kh8 14. Rb1 e5 15. Nd5 Be6 16. a3 Qd7 17. b4 Rae8 18. b5 Ne7 19. Bxd4 exd4 {½-½ (30) Waldock,A (1850)-Whitaker,T England 2010}) 13... a6 14. Qd2 Rb8 15. Ne2 b5 (15... Qa5 $15 16. Nexd4 Qxd2 17. Bxd2 Nxd4) 16. Nfxd4 Nxd4 (16... cxd4 $5 17. Bf2 $8 bxc4 18. dxc4 Qa5 19. Qxa5 Nxa5 20. Bxd4 Bxd4+ 21. Nxd4 e5 $15) 17. cxb5 Rxb5 18. Rab1 Qa5 19. Nc3 Rb8 20. b4 cxb4 21. Nd5 {[%mdl 64] Double Attack} e6 $36 {[%mdl 2048] Black fights for an advantage.} 22. Rxb4 Bb7 $2 {[#]} (22... Rxb4 $15 {keeps the upper hand.} 23. Nxb4 Bb7) 23. Rfb1 (23. Rxb7 $1 $16 {[%mdl 512]} Qxd2 {[#]} (23... Rxb7 24. Qxa5) 24. Rxg7+ $1 {[%mdl 512]} Kxg7 25. Bxd2) 23... Nb5 ({Black should try} 23... exd5 $14 24. Rxb7 {[%mdl 64] Discovered Attack} Qxd2 25. Bxd2 Rxb7 26. Rxb7 dxe4) 24. Rxb5 $4 {[%mdl 8192]} (24. Bb6 $18 {was the only winning move.} Bc3 25. Qxc3 (25. Bxa5 Bxd2 26. Rxb5 axb5 $15) (25. Nxc3 Qxb6+ 26. Kh2 Qc7 $16) 25... Nxc3 26. Nxc3) 24... Qxd2 $19 {Black is clearly better.} 25. Bxd2 axb5 26. Nc7 Bd4+ 27. Kh2 Bb6 28. Nxb5 Ba6 {aiming for ...Bxb5.} 29. a4 Rfc8 30. exf5 Rc2 {Av CentiPawn Loss W=-31/B=-20. Weighted=-63/-18} ({But not} 30... exf5 31. Bd5+ Kf8 32. Bc4 $17) 0-1

[Event "GER-ch Youth U12 2020"]
[Site "Willingen"]
[Date "2020.10.30"]
[Round "6.2"]
[White "Hoppstädter, Daniel"]
[Black "von Mettenheim, Johannes"]
[Result "1-0"]
[WhiteElo "1712"]
[BlackElo "1995"]
[Annotator "TA"]
[PlyCount "51"]
[EventDate "2020.10.27"]
[EventType "swiss"]
[EventRounds "7"]
[EventCountry "GER"]
[SourceTitle "playchess.com"]
[Source "ChessBase"]
[SourceQuality "1"]

{[%evp 12,51,18,14,43,17,43,18,22,-64,-60,-70,-57,-70,-61,-77,-61,-84,-73,-166,-149,-152,-66,-77,-54,-48,-51,-42,-60,-69,688,670,649,625,29993,29994,29994,29995,29997,29998,29998,29998]} 1. d4 Nf6 2. Nf3 e6 3. Bg5 h6 4. Bxf6 Qxf6 5. e4 c5 6. c3 cxd4 7. cxd4 b6 {A46: 1 d4 Nf6 2 Nf3 e6: Torre, London and Colle Systems.} 8. Nc3 Bb7 9. Bd3 Nc6 {The position is equal.} 10. O-O (10. e5 $11 Qd8 11. O-O) 10... Nxd4 $15 11. Nxd4 Qxd4 12. Nb5 {[%cal Bc3b5,Bb5a3,Ba3c4][%mdl 32]} Qe5 {[#]} 13. f4 $146 ({Predecessor:} 13. Rc1 Bc6 14. f4 Bc5+ 15. Kh1 Qb8 16. Qg4 O-O 17. e5 f5 18. exf6 Rxf6 19. f5 {0-1 (30) Oresky,J (2100)-Strebkovs,A (2420) Ostrava 2009}) 13... Qb8 14. Rc1 {Strongly threatening Nc7+.} Bc6 15. f5 (15. Kh1 $17) 15... Bc5+ 16. Kh1 a6 (16... Qe5 $17 17. Qd2 O-O) 17. Na3 $1 O-O 18. f6 Bd4 19. Qg4 {[%csl Gf6][%cal Rg4g7]} g6 $1 20. Nc4 {Threatens to win with e5.} e5 $2 {[%mdl 8192] [#] This costs Black the game.} (20... Be5 $15) 21. Rf3 $1 $18 {Hoping for Qh4.} Re8 22. Qh4 Kh7 {[#]} 23. Rh3 $1 {White mates.} h5 24. Qg5 Re6 {[#]} 25. Rxh5+ $1 {[%mdl 512]} Kg8 {[#]} (25... gxh5 26. Qg7#) 26. Rh8+ $1 {[%mdl 512] Av CentiPawn Loss W=-17/B=-102. Weighted=-23/-103} 1-0

[Event "GER-ch Youth U12 2020"]
[Site "Willingen"]
[Date "2020.10.30"]
[Round "6.3"]
[White "Haubold, Sebastian Marcel"]
[Black "Kempe, Caius Emilian"]
[Result "0-1"]
[WhiteElo "1769"]
[BlackElo "1840"]
[Annotator "NA RC"]
[PlyCount "72"]
[EventDate "2020.10.27"]
[EventType "swiss"]
[EventRounds "7"]
[EventCountry "GER"]
[SourceTitle "playchess.com"]
[Source "ChessBase"]
[SourceQuality "1"]
[TimeControl "40/5400+30:1800+30"]

{[%evp 25,65,6,0,0,-1,0,102,-52,-35,-53,-17,-53,-19,-57,-40,32767,32767,32767,32767,32767,32767,-76,-65,-94,-65,-77,32767,-254,-100,-258,0,-239,-217,-227,-305,-426,-403,-437,-413,-853,-905,-880]} 1. e4 e6 2. d4 d5 3. Nd2 c5 4. exd5 cxd4 5. Ngf3 Qxd5 6. Bc4 Qd6 7. O-O Nf6 8. Nb3 Nc6 9. Nbxd4 {[%emt 0:02:36]} Nxd4 {[%emt 0:01:00]} 10. Nxd4 {[%emt 0:00:13]} a6 {[%emt 0:00:18]} 11. Bb3 {[%emt 0:03:08]} Qc7 {[%emt 0:01:01]} 12. Qf3 {[%emt 0:03:58]} Bd6 {[%emt 0:03:31]} 13. h3 {[%emt 0:06:32]} O-O {[%emt 0:01:57]} 14. Bg5 {[%emt 0:02:14]} Nd7 {[%emt 0:04:29]} 15. Rad1 {[%emt 0:05:15] [#] C07: French Tarrasch: 3...c5, 4 Ngf3 and 4 exd5 Qxd5.} b5 $146 {[%emt 0:10:08]} ({Predecessor:} 15... Nc5 $11 {keeps the balance.} 16. Rd2 Nxb3 17. axb3 h6 18. Be3 Bc5 19. Rfd1 e5 20. Nf5 Bxe3 21. Nxe3 Be6 22. Nd5 Bxd5 23. Qxd5 {½-½ (43) Pavasovic,D (2540)-Roberson,P (2412) chess.com INT 2018}) 16. Qe3 {[%emt 0:17:03]} (16. Qxa8 $16 Bb7 17. Qa7 (17. Nxe6 fxe6 18. Bxe6+ Kh8 $14) 17... Bh2+ 18. Kh1 Bxg2+ 19. Kxg2 Qxa7 20. Kxh2) 16... Nc5 {[%emt 0:02:34]} 17. c3 {[%emt 0:15:35]} Nxb3 {[%emt 0:17:41]} 18. axb3 {[%emt 0:00:43]} Bb7 {[%emt 0:06:50]} 19. Kh1 {[%emt 0:08:25]} Rfe8 {[%emt 0:01:34]} 20. Rfe1 {[%emt 0:04:07]} f6 {[%emt 0:04:18]} 21. Bh4 {[%emt 0:02:21]} e5 {[%emt 0:01:41]} 22. Nf5 {[%emt 0:00:58]} Bf8 {[%emt 0:00:18]} 23. Qg3 {[%emt 0:01:12]} Kh8 {[%emt 0:01:13]} 24. Qg4 {[%emt 0:10:13]} Rad8 {[%emt 0:02:00]} 25. Rxd8 {[%emt 0:00:10]} Rxd8 {[%emt 0:00:36]} 26. Re3 $2 {[%emt 0:00:41]} ({White should play} 26. Ne3 $15) 26... Bd5 $2 {[%emt 0:08:02]} (26... Qf7 $19 27. Re1 Qxb3) 27. b4 $2 {[%emt 0:09:48]} (27. f4 $17 {was worth a try.} e4 28. Nd4) 27... Bc4 $2 {[%emt 0:07:01]} (27... Qd7 $19 28. Kh2 Be6) 28. Rg3 $2 {[%emt 0:00:39]} (28. f4 $1 $11 {and White has nothing to worry.}) 28... Rd2 {[%emt 0:09:40]} 29. Qf3 {[%emt 0:02:37]} g5 {[%emt 0:06:38]} ({Don't go for} 29... Rxb2 $2 {[#]} 30. Qa8 $1 $18 {[%mdl 576] Double Attack}) 30. Qa8 {[%emt 0:01:57]} Qd8 {[%emt 0:02:23]} 31. Bxg5 {[%emt 0:01:43]} fxg5 {[%emt 0:03:51]} ({Not} 31... Qxa8 32. Bxf6+ {[%mdl 64] Double Attack} Bg7 33. Bxg7+ Kg8 34. Nh6#) ({Weaker is} 31... Rd1+ 32. Kh2 $19) 32. Qxa6 {[%emt 0:00:25]} (32. Qxd8 $142 Rxd8 33. Ne3) 32... Rxf2 {[%emt 0:01:30]} 33. Ne3 $19 {[%emt 0:01:33]} Bd3 {[%emt 0:03:46]} 34. Qe6 {[%emt 0:01:39]} e4 {[%emt 0:00:59]} 35. Nf5 {[%emt 0:00:48]} Rf1+ {[%emt 0:00:56]} 36. Kh2 {[%emt 0:00:06]} Rxf5 {[%emt 0:00:21]} 0-1

[Event "GER-ch Youth U12 2020"]
[Site "Willingen"]
[Date "2020.10.30"]
[Round "6.4"]
[White "Fruth, David"]
[Black "Sauer, Tim"]
[Result "0-1"]
[WhiteElo "1665"]
[BlackElo "1729"]
[Annotator "NA RC"]
[PlyCount "96"]
[EventDate "2020.10.27"]
[EventType "swiss"]
[EventRounds "7"]
[EventCountry "GER"]
[SourceTitle "playchess.com"]
[Source "ChessBase"]
[SourceQuality "1"]
[TimeControl "40/5400+30:1800+30"]

1. e4 c6 {[%emt 0:00:00]} 2. Nf3 {[%emt 0:00:00]} d5 {[%emt 0:00:00]} 3. Nc3 {[%emt 0:00:00]} Bg4 {[%emt 0:00:00]} 4. h3 {[%emt 0:00:00]} Bxf3 {[%emt 0:00:00]} 5. Qxf3 {[%emt 0:00:00]} Nf6 {[%emt 0:00:00]} 6. d4 dxe4 {[%emt 0:00:00]} 7. Nxe4 {[%emt 0:00:43]} Qxd4 {[%emt 0:00:05]} 8. Bd3 {[%emt 0:00:33]} Nbd7 {[%emt 0:00:06]} 9. Be3 {[%emt 0:00:22]} Qd5 {[%emt 0:00:04]} 10. O-O {[%emt 0:03:55]} g6 {[%emt 0:00:32]} 11. Rfd1 {[%emt 0:00:07]} Bg7 {[%emt 0:00:37]} 12. Qf4 {[%emt 0:10:14]} Qe5 {[%emt 0:06:10]} 13. Nxf6+ {[%emt 0:05:16]} Bxf6 {[%emt 0:03:00]} 14. Qg4 {[%emt 0:02:49]} h5 {[%emt 0:04:13]} 15. Qf3 {[%emt 0:00:31]} Qc7 {[%emt 0:00:58]} 16. Re1 {[%emt 0:04:33]} O-O {[%emt 0:07:37]} 17. Bf4 {[%emt 0:03:47]} Qb6 {[%emt 0:01:15]} 18. Qg3 {[%emt 0:00:35]} Kg7 {[%emt 0:13:26]} 19. Be3 {[%emt 0:02:00]} c5 {[%emt 0:06:03]} 20. Qf4 {[%emt 0:03:20]} Rh8 {[%emt 0:03:58]} 21. Rab1 {[%emt 0:02:46]} Qd6 {[%emt 0:07:41]} 22. Qf3 {[%emt 0:00:18]} Rab8 {[%emt 0:17:12]} 23. Bf4 {[%emt 0:00:58]} Be5 {[%emt 0:03:52]} 24. Be3 {[%emt 0:03:22]} Qf6 {[%emt 0:01:16]} 25. Qxf6+ {[%emt 0:00:59]} Kxf6 {[%emt 0:01:46]} 26. Bb5 {[%emt 0:00:14]} Rbd8 {[%emt 0:06:52]} 27. Rbd1 {[%emt 0:01:35]} Bd6 {[%emt 0:01:46]} 28. Bxd7 {[%emt 0:00:27]} Rxd7 {[%emt 0:00:06]} 29. Bxc5 {[%emt 0:00:05]} Rhd8 {[%emt 0:00:27]} 30. Bxd6 {[%emt 0:01:29]} Rxd6 {[%emt 0:00:05]} 31. Rxd6+ {[%emt 0:00:04]} Rxd6 {[%emt 0:00:03]} 32. Re2 {[%emt 0:00:01]} Ra6 {[%emt 0:00:54]} 33. a3 {[%emt 0:00:05]} Rb6 {[%emt 0:00:13]} 34. b3 {[%emt 0:00:02]} Rd6 {[%emt 0:00:21]} 35. g3 {[%emt 0:00:15]} b5 {[%emt 0:00:22]} 36. f4 {[%emt 0:04:50]} Rd5 {[%emt 0:05:22]} 37. Kf2 {[%emt 0:00:14]} a5 {[%emt 0:00:29]} 38. Ke3 {[%emt 0:00:30]} Rd6 {[%emt 0:03:05]} 39. Kf3 {[%emt 0:01:10]} Rc6 {[%emt 0:02:27]} 40. g4 {[%emt 0:00:18]} Rc3+ {[%emt 0:00:56]} 41. Kg2 {[%emt 0:31:02]} hxg4 {[%emt 0:35:50]} 42. hxg4 {[%emt 0:00:06]} e6 {[%emt 0:01:07]} 43. Kf2 {[%emt 0:02:01]} a4 {[%emt 0:00:00]} 44. g5+ {[%emt 0:00:00]} Kf5 {[%emt 0:00:00]} 45. Re3 {[%emt 0:00:00]} Rxc2+ {[%emt 0:00:00]} 46. Kf3 {[%emt 0:00:00]} Rc5 {[%emt 0:00:00]} 47. bxa4 {[%emt 0:00:00]} bxa4 {[%emt 0:00:00]} 48. Rd3 {[%emt 0:00:00]} Rc4 {[%emt 0:00:00]} 0-1

[Event "GER-ch Youth U12 2020"]
[Site "Willingen"]
[Date "2020.10.30"]
[Round "6.5"]
[White "Sundui, Chinguun"]
[Black "Korek, Jakob Alexander"]
[Result "1/2-1/2"]
[WhiteElo "1788"]
[BlackElo "1592"]
[Annotator "NA RC"]
[PlyCount "76"]
[EventDate "2020.10.27"]
[EventType "swiss"]
[EventRounds "7"]
[EventCountry "GER"]
[SourceTitle "playchess.com"]
[Source "ChessBase"]
[SourceQuality "1"]
[TimeControl "40/5400+30:1800+30"]

1. e4 {[%emt 0:00:00]} e5 {[%emt 0:00:00]} 2. Nf3 {[%emt 0:00:00]} Nc6 {[%emt 0:00:00]} 3. Nc3 {[%emt 0:00:00]} Nf6 {[%emt 0:00:17]} 4. Bb5 {[%emt 0:00:18]} Bc5 {[%emt 0:01:23]} 5. O-O {[%emt 0:00:22]} d6 {[%emt 0:01:50]} 6. d4 {[%emt 0:00:49]} exd4 {[%emt 0:01:08]} 7. Nxd4 {[%emt 0:00:31]} Bxd4 {[%emt 0:01:40]} 8. Qxd4 {[%emt 0:01:12]} Bd7 {[%emt 0:01:39]} 9. Bxc6 {[%emt 0:00:56]} Bxc6 {[%emt 0:00:56]} 10. Bg5 {[%emt 0:01:31]} h6 {[%emt 0:02:04]} 11. Bxf6 {[%emt 0:00:58]} Qxf6 {[%emt 0:00:19]} 12. Qxf6 {[%emt 0:00:19]} gxf6 {[%emt 0:00:11]} 13. Nd5 {[%emt 0:02:17]} Bxd5 {[%emt 0:00:40]} 14. exd5 {[%emt 0:00:06]} Kd7 {[%emt 0:00:27]} 15. Rae1 {[%emt 0:00:43]} Rae8 {[%emt 0:01:58]} 16. Re3 {[%emt 0:02:54]} Re5 {[%emt 0:01:07]} 17. c4 {[%emt 0:02:29]} Rhe8 {[%emt 0:03:42]} 18. Rfe1 {[%emt 0:02:36]} a6 {[%emt 0:02:26]} 19. Kf1 {[%emt 0:07:39]} b5 {[%emt 0:05:54]} 20. b3 {[%emt 0:01:20]} b4 {[%emt 0:08:29]} 21. Ke2 {[%emt 0:03:22]} c5 {[%emt 0:02:00]} 22. Kd3 {[%emt 0:02:02]} h5 {[%emt 0:09:49]} 23. Ra1 {[%emt 0:18:29]} Rxe3+ {[%emt 0:05:05]} 24. fxe3 {[%emt 0:00:10]} Rg8 {[%emt 0:01:45]} 25. Rg1 {[%emt 0:01:49]} a5 {[%emt 0:03:09]} 26. g3 {[%emt 0:06:28]} Ke7 {[%emt 0:02:30]} 27. Ke4 {[%emt 0:02:39]} Rg4+ {[%emt 0:04:13]} 28. Kf3 {[%emt 0:00:22]} Rg8 {[%emt 0:03:27]} 29. Rf1 {[%emt 0:07:38]} a4 {[%emt 0:03:05]} 30. h3 {[%emt 0:15:33]} a3 {[%emt 0:01:03]} 31. Rg1 {[%emt 0:01:42]} Rg5 {[%emt 0:04:53]} 32. g4 {[%emt 0:04:11]} h4 {[%emt 0:05:09]} 33. e4 {[%emt 0:00:53]} Kf8 {[%emt 0:10:00]} 34. Ke3 {[%emt 0:02:32]} Kg7 35. Rf1 {[%emt 0:03:12]} Kg6 {[%emt 0:01:11]} 36. Rf4 {[%emt 0:02:00]} Re5 {[%emt 0:01:15]} 37. Kf3 {[%emt 0:00:45]} Rg5 {[%emt 0:00:36]} 38. Rf5 {[%emt 0:01:40]} Rxf5+ {[%emt 0:00:59]} 1/2-1/2

[Event "GER-ch Youth U12 2020"]
[Site "Willingen"]
[Date "2020.10.30"]
[Round "6.6"]
[White "Udelnov, Valentin"]
[Black "Honisch, Alexander"]
[Result "1/2-1/2"]
[WhiteElo "1691"]
[BlackElo "1667"]
[Annotator "NA RC"]
[PlyCount "113"]
[EventDate "2020.10.27"]
[EventType "swiss"]
[EventRounds "7"]
[EventCountry "GER"]
[SourceTitle "playchess.com"]
[Source "ChessBase"]
[SourceQuality "1"]
[TimeControl "40/5400+30:1800+30"]

1. e4 {[%emt 0:00:00]} e5 {[%emt 0:00:03]} 2. Nf3 {[%emt 0:00:00]} Nc6 {[%emt 0:00:22]} 3. Bc4 {[%emt 0:00:00]} Bc5 {[%emt 0:00:32]} 4. c3 {[%emt 0:00:04]} Nf6 {[%emt 0:00:27]} 5. d3 {[%emt 0:00:17]} d6 {[%emt 0:00:21]} 6. O-O {[%emt 0:00:23]} a6 {[%emt 0:00:45]} 7. a4 {[%emt 0:00:16]} Ba7 {[%emt 0:01:10]} 8. Nbd2 {[%emt 0:01:36]} O-O {[%emt 0:05:30]} 9. h3 {[%emt 0:00:36]} Ne7 {[%emt 0:05:43]} 10. d4 {[%emt 0:03:53]} Ng6 {[%emt 0:01:38]} 11. Re1 {[%emt 0:00:54]} c6 {[%emt 0:01:45]} 12. Ba2 {[%emt 0:04:50]} Qe7 {[%emt 0:08:13]} 13. Qc2 {[%emt 0:03:55]} Be6 {[%emt 0:01:24]} 14. Nf1 {[%emt 0:03:28]} Bxa2 {[%emt 0:02:14]} 15. Rxa2 {[%emt 0:00:52]} Rfe8 {[%emt 0:01:47]} 16. Ng3 {[%emt 0:00:37]} h6 {[%emt 0:01:45]} 17. Ra1 {[%emt 0:04:07]} b5 {[%emt 0:04:14]} 18. dxe5 {[%emt 0:06:27]} dxe5 {[%emt 0:01:43]} 19. Nf5 {[%emt 0:00:37]} Qc7 {[%emt 0:01:10]} 20. Be3 {[%emt 0:02:39]} Bxe3 {[%emt 0:02:39]} 21. Rxe3 {[%emt 0:00:37]} Nf4 {[%emt 0:01:27]} 22. Nh2 {[%emt 0:05:09]} Rad8 {[%emt 0:01:42]} 23. Rg3 {[%emt 0:04:11]} Ng6 {[%emt 0:02:20]} 24. Qe2 {[%emt 0:05:12]} Rd7 {[%emt 0:06:53]} 25. Ng4 {[%emt 0:01:50]} Re6 {[%emt 0:09:28]} 26. h4 {[%emt 0:02:28]} Ne8 {[%emt 0:03:51]} 27. Ngxh6+ {[%emt 0:09:47]} gxh6 {[%emt 0:03:15]} 28. h5 {[%emt 0:00:22]} Kh7 {[%emt 0:01:01]} 29. hxg6+ {[%emt 0:00:07]} fxg6 {[%emt 0:01:36]} 30. Qg4 {[%emt 0:00:22]} Rf6 {[%emt 0:02:49]} 31. axb5 {[%emt 0:04:03]} cxb5 {[%emt 0:02:35]} 32. Ne3 {[%emt 0:04:38]} Rfd6 {[%emt 0:02:06]} 33. Nd5 {[%emt 0:01:18]} Qd8 {[%emt 0:00:21]} 34. Rd1 {[%emt 0:04:48]} Nc7 {[%emt 0:02:14]} 35. Nf6+ {[%emt 0:02:25]} Qxf6 {[%emt 0:00:08]} 36. Qxd7+ {[%emt 0:00:06]} Rxd7 {[%emt 0:00:05]} 37. Rxd7+ {[%emt 0:00:03]} Kg8 {[%emt 0:00:41]} 38. Rxc7 {[%emt 0:00:20]} Qd6 {[%emt 0:00:49]} 39. Rc8+ {[%emt 0:01:31]} Kg7 {[%emt 0:00:27]} 40. b4 {[%emt 0:01:39]} h5 {[%emt 0:03:59]} 41. Rc5 {[%emt 0:31:24]} h4 {[%emt 0:36:26]} 42. Rd5 {[%emt 0:06:07]} Qc7 {[%emt 0:03:44]} 43. Rgd3 {[%emt 0:00:27]} Qc4 {[%emt 0:00:20]} 44. Rd7+ {[%emt 0:02:50]} Kh6 {[%emt 0:00:19]} 45. Re3 {[%emt 0:00:25]} Qb3 {[%emt 0:00:55]} 46. Rd5 {[%emt 0:04:02]} Qb1+ {[%emt 0:01:17]} 47. Kh2 {[%emt 0:00:21]} Qc2 {[%emt 0:00:11]} 48. Rxe5 {[%emt 0:01:44]} Qxf2 {[%emt 0:02:48]} 49. Rf3 {[%emt 0:00:20]} Qe1 {[%emt 0:01:05]} 50. Re6 {[%emt 0:00:56]} Kh5 {[%emt 0:03:07]} 51. e5 {[%emt 0:05:56]} g5 {[%emt 0:03:30]} 52. Re8 {[%emt 0:01:41]} Qe4 {[%emt 0:00:00]} 53. Rh8+ {[%emt 0:00:00]} Kg6 {[%emt 0:00:00]} 54. Rf6+ {[%emt 0:00:00]} Kg7 {[%emt 0:00:00]} 55. Re8 {[%emt 0:00:00]} g4 {[%emt 0:00:00]} 56. Re7+ {[%emt 0:00:00]} Kg8 {[%emt 0:00:00]} 57. Re8+ {[%emt 0:00:00]} 1/2-1/2

[Event "GER-ch Youth U12 2020"]
[Site "Willingen"]
[Date "2020.10.30"]
[Round "6.7"]
[White "Müller, Maximilian"]
[Black "Klaska, Philipp Leon"]
[Result "0-1"]
[WhiteElo "1691"]
[BlackElo "1716"]
[Annotator "NA RC"]
[PlyCount "58"]
[EventDate "2020.10.27"]
[EventType "swiss"]
[EventRounds "7"]
[EventCountry "GER"]
[SourceTitle "playchess.com"]
[Source "ChessBase"]
[SourceQuality "1"]
[TimeControl "40/5400+30:1800+30"]

1. e4 {[%emt 0:00:00]} e6 {[%emt 0:00:00]} 2. d4 {[%emt 0:00:00]} d5 {[%emt 0:00:00]} 3. Nd2 {[%emt 0:00:00]} c5 {[%emt 0:00:11]} 4. exd5 {[%emt 0:00:12]} exd5 {[%emt 0:00:17]} 5. dxc5 {[%emt 0:01:04]} Bxc5 {[%emt 0:00:38]} 6. Nb3 {[%emt 0:01:00]} Bb6 {[%emt 0:02:05]} 7. Nf3 {[%emt 0:00:17]} Nf6 {[%emt 0:01:39]} 8. Bg5 {[%emt 0:00:51]} O-O {[%emt 0:01:48]} 9. Nbd4 {[%emt 0:10:51]} Bg4 {[%emt 0:08:35]} 10. Be2 {[%emt 0:00:55]} Nbd7 {[%emt 0:03:47]} 11. O-O {[%emt 0:01:00]} h6 {[%emt 0:04:00]} 12. Bxf6 {[%emt 0:04:53]} Nxf6 {[%emt 0:01:39]} 13. h3 {[%emt 0:01:28]} Bh5 {[%emt 0:00:47]} 14. c3 {[%emt 0:06:26]} Re8 {[%emt 0:03:09]} 15. Bb5 {[%emt 0:06:39]} Re4 {[%emt 0:05:45]} 16. Qb3 {[%emt 0:09:37]} Qd6 {[%emt 0:07:04]} 17. Bd3 {[%emt 0:11:13]} Rf4 {[%emt 0:09:17]} 18. Nf5 {[%emt 0:20:54]} Qd7 {[%emt 0:04:29]} 19. Ne5 {[%emt 0:04:59]} Qe6 {[%emt 0:06:37]} 20. Rae1 {[%emt 0:01:04]} Rxf5 {[%emt 0:19:22]} 21. Bxf5 {[%emt 0:01:28]} Qxf5 {[%emt 0:01:56]} 22. g4 {[%emt 0:01:06]} Bxg4 {[%emt 0:02:56]} 23. hxg4 {[%emt 0:00:27]} Nxg4 {[%emt 0:00:59]} 24. Nxg4 {[%emt 0:00:48]} Qxg4+ {[%emt 0:00:17]} 25. Kh1 {[%emt 0:00:42]} Qh3+ {[%emt 0:00:57]} 26. Kg1 {[%emt 0:00:05]} Bc7 {[%emt 0:01:09]} 27. f4 {[%emt 0:00:28]} Bb6+ {[%emt 0:00:24]} 28. Rf2 {[%emt 0:00:08]} Qg3+ {[%emt 0:00:11]} 29. Kh1 {[%emt 0:00:13]} Bxf2 {[%emt 0:00:07]} 0-1

[Event "GER-ch Youth U12 2020"]
[Site "Willingen"]
[Date "2020.10.30"]
[Round "6.8"]
[White "Eichhorn, Valentin"]
[Black "Uhlmann, Tim"]
[Result "1/2-1/2"]
[WhiteElo "1545"]
[BlackElo "1523"]
[Annotator "NA RC"]
[PlyCount "70"]
[EventDate "2020.10.27"]
[EventType "swiss"]
[EventRounds "7"]
[EventCountry "GER"]
[SourceTitle "playchess.com"]
[Source "ChessBase"]
[SourceQuality "1"]
[TimeControl "40/5400+30:1800+30"]

1. c4 {[%emt 0:00:00]} c5 {[%emt 0:00:00]} 2. g3 {[%emt 0:00:00]} Nf6 {[%emt 0:00:00]} 3. Bg2 {[%emt 0:00:20]} d5 {[%emt 0:00:17]} 4. cxd5 {[%emt 0:00:44]} Nxd5 {[%emt 0:00:07]} 5. Nc3 {[%emt 0:00:40]} Nc7 {[%emt 0:00:05]} 6. e3 {[%emt 0:00:44]} Nc6 {[%emt 0:00:52]} 7. Nge2 {[%emt 0:01:03]} e5 {[%emt 0:00:09]} 8. a3 {[%emt 0:01:30]} Be7 {[%emt 0:00:13]} 9. Qc2 {[%emt 0:03:35]} O-O {[%emt 0:00:30]} 10. O-O {[%emt 0:00:14]} f6 {[%emt 0:00:40]} 11. Rb1 {[%emt 0:04:45]} Be6 {[%emt 0:01:30]} 12. b3 {[%emt 0:01:43]} Qd7 {[%emt 0:00:26]} 13. Bb2 {[%emt 0:02:08]} Rfd8 {[%emt 0:01:42]} 14. Rfd1 {[%emt 0:01:04]} Rac8 {[%emt 0:00:54]} 15. d3 {[%emt 0:01:55]} Bf8 {[%emt 0:00:42]} 16. Ba1 {[%emt 0:04:23]} b5 {[%emt 0:03:40]} 17. Na2 {[%emt 0:05:56]} Nd5 {[%emt 0:03:25]} 18. Nac3 {[%emt 0:05:24]} b4 {[%emt 0:01:43]} 19. Bxd5 {[%emt 0:05:26]} Bxd5 {[%emt 0:00:23]} 20. Nxd5 {[%emt 0:00:50]} Qxd5 {[%emt 0:00:34]} 21. e4 {[%emt 0:01:13]} Qd7 {[%emt 0:04:39]} 22. a4 {[%emt 0:00:20]} Nd4 {[%emt 0:12:14]} 23. Bxd4 {[%emt 0:03:08]} cxd4 {[%emt 0:00:36]} 24. Qb2 {[%emt 0:01:12]} a5 {[%emt 0:07:26]} 25. Rbc1 {[%emt 0:04:09]} Rc3 {[%emt 0:18:43]} 26. Nxc3 {[%emt 0:01:05]} bxc3 {[%emt 0:00:11]} 27. Qa2 {[%emt 0:01:00]} Bb4 {[%emt 0:00:28]} 28. Kg2 {[%emt 0:01:12]} Kf8 {[%emt 0:00:55]} 29. Qc2 {[%emt 0:01:01]} Rb8 {[%emt 0:02:23]} 30. Ra1 {[%emt 0:04:35]} Qd6 {[%emt 0:01:44]} 31. Ra2 {[%emt 0:01:52]} Qe6 {[%emt 0:08:09]} 32. f3 {[%emt 0:04:02]} h5 {[%emt 0:01:06]} 33. h3 {[%emt 0:03:58]} Kf7 {[%emt 0:02:34]} 34. Rda1 {[%emt 0:03:17]} Rg8 {[%emt 0:03:01]} 35. Rd1 {[%emt 0:06:27]} g6 {[%emt 0:02:11]} 1/2-1/2